000 00293nam a22001337a 4500
008 170606b xxu||||| |||| 00| 0 eng d
020 _a0393056848
041 _aeng
080 _22ND
_a94
100 _a18
101 _aSHH
245 _aTHE MARX-ENGELS READER
_cTUCKER,R.C
942 _2udc
_cBK
999 _c16061
_d16061